[Event "4NCL Hull GM 2021"]
[Site "Hull"]
[Date "2021.10.20"]
[Round "1.1"]
[White "Murphy, Conor E"]
[Black "Willow, Jonah B"]
[Result "1-0"]
[WhiteElo "2428"]
[BlackElo "2353"]
[Annotator "TA"]
[PlyCount "55"]
[EventDate "2021.10.20"]
[EventType "tourn"]
[EventCountry "ENG"]
[SourceTitle "playchess.com"]
[Source "ChessBase"]
[SourceQuality "1"]

{[%evp 13,55,59,43,47,57,52,57,54,43,37,35,12,19,16,25,8,44,39,93,85,97,93,96,87,97,70,66,77,72,27,25,25,51,54,55,0,186,181,196,196,374,343,1099,941]} 1. e4 {Edouard,R} e5 2. Nf3 Nc6 3. Bb5 a6 4. Ba4 Nf6 5. O-O Nxe4 6. d4 Be7 7. Re1 b5 8. Rxe4 {[#] Strongly threatening Bb3. C84: Closed Ruy Lopez: Unusual White 6th moves.} d5 9. Nxe5 Nxe5 10. Rxe5 {And now Bb3 would win.White is slightly better.} bxa4 11. b3 {11.Qe2 is the modern continuation.} O-O 12. Ba3 Bxa3 13. Nxa3 {[#]} axb3 $146 ({Predecessor:} 13... Re8 14. Rxe8+ Qxe8 15. Qd2 Bf5 16. Re1 Qc6 17. c4 axb3 18. axb3 h6 19. cxd5 Qxd5 {½-½ (43) Vachier Lagrave,M (2780)-Carlsen,M (2872) London 2019 CBM 194 [Edouard,R]}) 14. axb3 Be6 15. Nb1 Qh4 ({Black should play} 15... Re8 $14) 16. Nc3 $16 c6 17. Na4 Rae8 18. Qd2 f6 19. Re3 Bf5 20. Rae1 (20. Ree1 {keeps more tension.} Qg5 21. Qc3 Be4 22. f3 Bf5 23. Nc5) 20... Qg5 21. Qc3 (21. Nc5 {is more complex.} Rxe3 22. Rxe3 h5 23. h3 h4 24. c3) 21... Rxe3 22. Rxe3 Bh3 {[%csl Gh3][%cal Rg5g2]} 23. g3 h5 24. Nb6 (24. Nc5 $14) 24... Qg4 $2 (24... Rb8 $11 25. Na4 (25. Qxc6 Kh7 $11) 25... h4) 25. f3 $18 Qg5 {[#]} 26. Kf2 $1 f5 $2 (26... Qf5 27. Qxc6 Kh7) 27. f4 Qg4 (27... Qh6 28. Nd7 Rd8) 28. Nd7 {Weighted Error Value: White=0.10/Black=0.32} 1-0

[Event "4NCL Hull GM 2021"]
[Site "Hull"]
[Date "2021.10.20"]
[Round "1.2"]
[White "Wadsworth, Matthew J"]
[Black "Clarke, Brandon G I"]
[Result "0-1"]
[WhiteElo "2425"]
[BlackElo "2442"]
[Annotator "TA"]
[PlyCount "138"]
[EventDate "2021.10.20"]
[EventType "tourn"]
[EventCountry "ENG"]
[SourceTitle "playchess.com"]
[Source "ChessBase"]
[SourceQuality "1"]

{[%evp 11,138,0,0,0,14,0,0,-6,-8,-29,-43,-53,-53,-53,0,0,0,0,0,0,0,0,0,0,0,-37,-31,-41,54,46,74,52,48,51,61,22,56,-19,28,-110,51,-139,-3,-63,0,-146,-144,-158,-143,-187,-189,-166,-176,-183,-135,-145,-147,-154,-154,-154,-147,-139,-146,-210,-137,-139,-141,-132,-78,-72,-31,-150,-56,-268,-281,-280,-280,-272,-278,-281,-279,-268,-274,-273,-279,-268,-264,-252,-242,-310,-309,-298,-294,-514,-514,-1258,-1168,-1010,-941,-29965,-29968,-29968,-29969,-29972,-29973,-29973,-29967,-29974,-29971,-29971,-29972,-29972,-29973,-29976,-29973,-29978,-29979,-29978,-29979,-29979,-29979,-29979,-29980,-29980,-29981,-29980,-29981,-29981,-29982]} 1. c4 Nf6 2. g3 g6 3. Bg2 Bg7 4. Nc3 O-O 5. d3 d6 6. Bg5 h6 7. Bd2 {A16: English Opening: 1...Nf6 with ...d5.} Nc6 8. Rb1 a5 9. Qc1 {The position is equal.} Kh7 10. h4 e5 {[#]} 11. h5 $146 {And now hxg6+ would win.} ({Predecessor:} 11. Nh3 Nh5 12. Nd5 f5 13. Bc3 Rf7 14. Qd2 Be6 15. e3 Qd7 16. Ng1 f4 17. gxf4 exf4 18. Bxg7 fxe3 19. fxe3 Rxg7 {0-1 (42) Dinh,D (2363)-Nguyen,S (2037) Ho Chi Minh City 2012}) 11... g5 12. Nf3 Nd7 (12... Nd4 $15) 13. Nxg5+ $11 hxg5 14. Bxg5 Bf6 {[%cal Rf6g5]} 15. Be4+ Kg7 $1 16. Bh6+ Kh8 17. Bxf8 Qxf8 18. Nd5 Bd8 {[%mdl 1024] Black has compensation.} 19. g4 f6 (19... Nc5 $15 20. Rg1 Nd4) 20. Ne3 $36 {[%mdl 2048] White has some pressure.} Qh6 21. Bg6 (21. Nf5 {is interesting.} Qxc1+ 22. Rxc1 Ne7 23. Nxe7 Bxe7 24. Bf5) 21... Nc5 22. Nf5 Qg5 23. Qxg5 fxg5 24. Kd2 (24. Rh3 $14) 24... a4 25. h6 (25. f3 $11) 25... Bf6 $2 ({Black should play} 25... e4 $1 $17 26. Be8 Bxf5 27. gxf5 Nd4) 26. h7 $2 (26. f3 $14) 26... Be6 (26... e4 $17 {aiming for ...exd3.} 27. Ne3 exd3 28. Bxd3 Nb4) 27. Nh6 (27. f3 $11) 27... Rf8 (27... e4 $1 $15 28. Bf7 Ne5 29. Bxe6 Nxe6 30. dxe4 Nxc4+ 31. Kd3 Ne5+ 32. Kc2 Rf8) 28. Bf5 (28. b4 $11 {keeps the balance.} axb3 29. axb3) 28... Bxf5 $1 $17 29. Nxf5 e4 30. b4 axb3 $1 31. axb3 exd3 32. exd3 Nd4 33. b4 Ncb3+ 34. Kd1 Nxf5 $1 35. gxf5 Nd4 36. Ra1 Nxf5 37. Ra7 (37. Ra5 $17 Bc3 38. Rh5) 37... Rb8 38. Ra5 Nd4 39. Rh6 Rf8 ({Better is} 39... Bg7 40. Rg6 Nf3) 40. Ra7 Be5 41. Ke1 (41. Rxb7 $15 Ra8 42. Kc1 (42. Rxc7 $2 Bf4 $19)) 41... g4 (41... Bg7 $17 42. Rh5 Rb8) 42. Rg6 {White does not recover from this.} (42. Kd1 $1 $15) 42... Nc2+ $1 $19 (42... Kxh7 43. Rxg4 Nc2+ 44. Kd1 $17) 43. Ke2 Kxh7 44. Rxg4 Bd4 ({Not} 44... Nxb4 45. Rxb7 Nc2 46. Rxc7+ Kh6 47. f3 $11) 45. Rxd4 Nxd4+ {[%mdl 4096] Endgame KRN-KR} 46. Ke3 {[#]} Nc2+ 47. Kd2 Nxb4 ({Don't do} 47... Rxf2+ 48. Kc3 $17) 48. Rxb7 {[#]} Na6 ({Less strong is} 48... Rxf2+ 49. Ke3 $15) 49. Ke3 {If only White now had time for Ra7....} Re8+ 50. Kf3 Re7 51. d4 Kg6 52. Kg4 $2 (52. Rb5) 52... Re4+ {[%mdl 64] Double Attack} 53. f4 (53. Kf3 $142 Rxd4 54. Ra7) 53... Rxd4 54. Ra7 Nc5 55. Rxc7 {[#]} Rxf4+ $3 {[%mdl 512] Black mates.} 56. Kh3 (56. Kg3 Rxc4) 56... Rxc4 57. Rc6 Rd4 58. Kg3 Kf5 59. Rc8 Rd3+ 60. Kf2 Nd7 61. Ke2 Ne5 62. Re8 Ra3 63. Rh8 d5 64. Rh5+ Kf4 65. Rh4+ Ng4 66. Kd2 d4 67. Kc2 Rg3 68. Rh8 Ke4 69. Re8+ Ne5 {Weighted Error Value: White=0.55/Black=0.20} 0-1

[Event "4NCL Hull GM 2021"]
[Site "Hull"]
[Date "2021.10.20"]
[Round "1.3"]
[White "Davies, Nigel R"]
[Black "Jackson, James P"]
[Result "1/2-1/2"]
[WhiteElo "2475"]
[BlackElo "2386"]
[Annotator "TA"]
[PlyCount "41"]
[EventDate "2021.10.20"]
[EventType "tourn"]
[EventCountry "ENG"]
[SourceTitle "playchess.com"]
[Source "ChessBase"]
[SourceQuality "1"]

{[%evp 20,41,22,4,5,5,15,-7,17,18,5,8,39,10,3,0,0,0,0,0,0,0,6,0]} 1. Nf3 Nf6 2. g3 g6 3. Bg2 Bg7 4. O-O O-O 5. c4 d6 6. d4 Nc6 7. Nc3 e5 8. d5 Nb8 9. e4 a5 10. h3 Na6 11. Be3 Nd7 {E62: King's Indian: Fianchetto: 6...c6 and Panno Variation (6...Nc6) without ...a6.} 12. Qd2 f5 13. Ng5 {[#]} Ndc5 $146 (13... f4 {feels hotter.} 14. gxf4 exf4 15. Bxf4 Nb6 16. Ne6 Nxc4 17. Qe2 Bxe6 18. dxe6 Qe8) ({Predecessor:} 13... f4 14. gxf4 exf4 15. Bxf4 Ne5 16. Bxe5 dxe5 17. Nf3 Rxf3 18. Bxf3 Qh4 19. Bg2 Bh6 {1-0 (53) Yurasov,M (1402)-Karapetyan,A (1782) Moscow 2021}) 14. f4 exf4 15. Bxf4 fxe4 16. Ncxe4 Nxe4 {The position is equal.} 17. Nxe4 {Bg5 is the strong threat.} Bf5 18. Rae1 Bxe4 19. Rxe4 Nc5 20. Re2 Qd7 21. h4 {Not much happened in this game.  Weighted Error Value: White=0.08/Black=0.08} 1/2-1/2

[Event "4NCL Hull GM 2021"]
[Site "Hull"]
[Date "2021.10.20"]
[Round "1.4"]
[White "Czopor, Maciej"]
[Black "Fodor, Tamas Jr."]
[Result "1-0"]
[WhiteElo "2411"]
[BlackElo "2524"]
[Annotator "TA"]
[PlyCount "85"]
[EventDate "2021.10.20"]
[EventType "tourn"]
[EventCountry "ENG"]
[SourceTitle "playchess.com"]
[Source "ChessBase"]
[SourceQuality "1"]

{[%evp 14,85,18,7,25,19,21,19,16,17,23,22,18,31,40,43,99,114,103,106,310,298,313,270,295,277,537,575,543,455,585,512,736,691,1160,1157,1155,1152,1141,1143,1149,1135,1202,697,692,684,662,658,1363,1307,1312,1311,1219,1217,1206,1138,29984,1372,29989,29990,29990,29991,29994,29994,29994,29991,29991,29992,29992,29986,29985,0,29992,29993]} 1. e4 e6 2. d4 d5 3. Nd2 c5 4. Ngf3 cxd4 5. Nxd4 Nc6 6. Bb5 Bd7 7. Nxc6 bxc6 8. Bd3 Bd6 {C07: French Tarrasch: 3...c5, 4 Ngf3 and 4 exd5 Qxd5.} 9. Qe2 e5 {now scores much better than the old 9...Ne7.} 10. exd5 cxd5 {The position is equal.} 11. c4 Nf6 12. O-O Bg4 13. f3 Be6 14. cxd5 {[#]} Bc5+ $146 {Black is now going downhill.} ({Black should try} 14... Nxd5 $14 15. Ne4 Be7) ({Predecessor:} 14... Nxd5 15. Bb5+ Kf8 16. Ne4 Be7 17. Kh1 f5 18. Nc3 Nxc3 19. bxc3 Qc7 20. Re1 Bf6 {0-1 (28) Kilpatrick,C (2381)-Haria,R (2440) Newcastle on Tyne 2021}) 15. Kh1 $16 Qxd5 16. Ne4 Bd4 $2 {[#]} (16... Nxe4 $16 {was worth a try.} 17. Bxe4 Qc4) 17. Bh6 $1 $18 {[%mdl 512]} Nxe4 (17... Nh5 18. Bxg7) 18. Bxe4 ({Less strong is} 18. fxe4 Qb7 $16) 18... Qc4 {[#]} 19. Bd3 Qxd3 (19... Qd5) 20. Qxd3 gxh6 21. f4 Rd8 22. fxe5 Rg8 23. Rad1 Rg4 24. h3 Rh4 25. Qg3 Rh5 26. Qa3 Rd7 27. Qb4 Rh4 28. Qe1 Rh5 29. Qe4 Rxe5 30. Qxh7 Red5 31. Rde1 {Intending Qg8+ and mate.} Kd8 32. Qg8+ Kc7 33. Rc1+ Kb6 34. Qc8 {White wants to mate with Rc6+.} R5d6 35. Qb8+ (35. Rfd1 $142 Rb7 36. Qc2 Bd5 37. Rxd4 Rc6 38. Qd2 Rd7 39. Rf1 a6 40. Rxd5) 35... Ka6 36. Rf3 {[%cal Rf3a3]} Bb6 37. Qc8+ Kb5 38. a4+ Kb4 39. Rf4+ Rd4 {[#]} 40. Qc6 $1 {[%csl Ga4][%cal Rc6b5][%mdl 512]} Kb3 (40... R7d5 41. Rxd4+) 41. Qc2+ Kb4 42. Qc6 {[%csl Ga4][%cal Rc6b5]} Kb3 $1 43. Rf3+ {Weighted Error Value: White=0.09/Black=0.68} 1-0

[Event "4NCL Hull GM 2021"]
[Site "Hull"]
[Date "2021.10.20"]
[Round "1.5"]
[White "Turner, Matthew J"]
[Black "Royal, Shreyas"]
[Result "1-0"]
[WhiteElo "2471"]
[BlackElo "2226"]
[Annotator "TA"]
[PlyCount "91"]
[EventDate "2021.10.20"]
[EventType "tourn"]
[EventCountry "ENG"]
[SourceTitle "playchess.com"]
[Source "ChessBase"]
[SourceQuality "1"]

{[%evp 16,91,-1,6,11,6,9,4,9,-14,0,0,0,0,22,31,26,4,69,41,18,4,133,73,54,54,60,56,79,79,87,87,87,86,79,79,81,79,88,79,85,87,85,90,85,79,79,78,88,59,93,88,92,102,145,41,50,52,281,281,281,168,281,281,12847,12847,12848,12848,12849,12847,12848,12848,12849,12849,12850,12849,12850,12849]} 1. c4 e6 2. g3 Nf6 3. Bg2 d5 4. Nf3 Be7 5. O-O O-O 6. b3 b6 7. Bb2 Bb7 8. e3 c5 9. Nc3 Qc8 {A14: English Opening: 1...e6 with b3 by White.} 10. cxd5 Nxd5 11. Nxd5 Bxd5 {The position is equal.} 12. d4 {[#]} a5 $146 ({Predecessor:} 12... Nd7 13. Qe2 Qb7 14. Rfd1 Rfd8 15. Ne1 Bxg2 16. Nxg2 cxd4 17. Bxd4 Bf6 18. Bxf6 Nxf6 19. Rxd8+ Rxd8 {0-1 (50) Szabo,B (2355)-Brunello,S (2556) Spilimbergo 2019}) 13. dxc5 bxc5 14. Ne5 Qb7 15. Bxd5 exd5 16. Qf3 Nd7 (16... a4 $11) 17. Nd3 Bd6 18. Rfd1 f6 {[#]} (18... Rfe8 $11) 19. Rac1 (19. Nf4 $142 $1) 19... a4 $16 20. Nf4 $36 {[%mdl 2048] White has some pressure.} Bxf4 21. exf4 axb3 $1 22. axb3 Ra2 23. Qxd5+ Qxd5 24. Rxd5 Rxb2 25. Rxd7 {[%mdl 4096] Endgame KRR-KRR} Rf7 26. Rd8+ Rf8 27. Rd3 Rb8 28. Rcc3 Rb7 29. Kg2 Kf7 30. g4 Rb4 31. Kg3 ({But not} 31. Rxc5 Rxf4 32. Rd7+ Kg6 $11) 31... Rb7 32. h4 Rb1 33. f3 f5 34. h5 g6 35. Rxc5 ({Better is} 35. h6 $16) 35... fxg4 $14 36. fxg4 R1xb3 $2 {Black cannot hold the game after this.} (36... Kg7 $1 $14 37. Rdc3 R1xb3 38. Rxb3 Rxb3+ 39. Kh4 Rb7) 37. Rxb3 $18 Rxb3+ $16 {[#] KR-KR} 38. Kh4 $1 gxh5 (38... Rb7 $142 39. Kg5 gxh5 40. Kxh5 (40. gxh5 h6+ 41. Kf5 Rb6 $16) 40... Rb1) 39. Kxh5 $18 ({Much less strong is} 39. Rxh5 $6 Rb4 $16) 39... Rb7 $2 (39... Rh3+ 40. Kg5 h5) 40. Kh6 {White is clearly winning.} Ke6 41. Re5+ Kd6 42. Re1 Kd5 43. f5 Rf7 44. Re8 Ra7 45. g5 Rf7 46. f6 {Weighted Error Value: White=0.16/Black=0.30} 1-0

[Event "4NCL Hull GM 2021"]
[Site "Hull"]
[Date "2021.10.21"]
[Round "2.1"]
[White "Willow, Jonah B"]
[Black "Royal, Shreyas"]
[Result "1-0"]
[WhiteElo "2353"]
[BlackElo "2226"]
[Annotator "ChessBase"]
[PlyCount "71"]
[EventDate "2021.10.20"]
[EventType "tourn"]
[EventCountry "ENG"]
[SourceTitle "playchess.com"]
[Source "ChessBase"]
[SourceQuality "1"]
[TimeControl "5400+30"]

1. e4 {[%emt 0:00:04]} e5 {[%emt 0:00:04]} 2. Nf3 {[%emt 0:00:20]} Nc6 {[%emt 0:00:08]} 3. Bc4 {[%emt 0:00:42]} Bc5 {[%emt 0:00:06]} 4. c3 {[%emt 0:00:16]} Nf6 {[%emt 0:00:06]} 5. d4 {[%emt 0:00:35]} exd4 {[%emt 0:00:06]} 6. b4 {[%emt 0:00:08]} Be7 {[%emt 0:09:58]} 7. b5 {[%emt 0:00:48]} Na5 {[%emt 0:00:33]} 8. Bd3 {[%emt 0:00:09]} d5 {[%emt 0:03:18]} 9. e5 {[%emt 0:01:23]} Nd7 {[%emt 0:06:01]} 10. cxd4 {[%emt 0:02:45]} Nb6 {[%emt 0:00:19]} 11. O-O {[%emt 0:02:13]} Bg4 {[%emt 0:05:37]} 12. h3 {[%emt 0:02:39]} Be6 {[%emt 0:00:05]} 13. Qc2 {[%emt 0:03:10]} Qd7 {[%emt 0:01:30]} 14. Ng5 {[%emt 0:05:50]} O-O-O {[%emt 0:03:17]} 15. a4 {[%emt 0:24:45]} Nbc4 {[%emt 0:03:18]} 16. Nxe6 {[%emt 0:03:44]} fxe6 {[%emt 0:00:05]} 17. Nd2 {[%emt 0:00:37]} g5 {[%emt 0:06:23]} 18. Bxc4 {[%emt 0:03:55]} dxc4 {[%emt 0:01:40]} 19. Bb2 {[%emt 0:00:58]} g4 {[%emt 0:06:45]} 20. Qc3 {[%emt 0:18:12]} Nb3 {[%emt 0:19:46]} 21. b6 {[%emt 0:08:18]} Kb8 {[%emt 0:07:56]} 22. Nxb3 {[%emt 0:00:27]} cxb3 {[%emt 0:00:04]} 23. bxc7+ {[%emt 0:00:21]} Qxc7 {[%emt 0:00:05]} 24. Qxb3 {[%emt 0:05:13]} Rhg8 {[%emt 0:02:58]} 25. Qxe6 {[%emt 0:06:27]} Rg6 {[%emt 0:05:58]} 26. Qb3 {[%emt 0:00:03]} gxh3 {[%emt 0:02:16]} 27. Qxh3 {[%emt 0:00:37]} Rdg8 {[%emt 0:00:03]} 28. g3 {[%emt 0:00:29]} Qc2 {[%emt 0:00:07]} 29. Ba3 {[%emt 0:00:47]} Qc3 {[%emt 0:00:27]} 30. Bxe7 {[%emt 0:07:15]} Rxg3+ {[%emt 0:00:08]} 31. fxg3 {[%emt 0:00:05]} Rxg3+ {[%emt 0:00:06]} 32. Qg2 {[%emt 0:00:55]} Qxd4+ {[%emt 0:01:48]} 33. Kh1 {[%emt 0:00:03]} Rxg2 {[%emt 0:00:07]} 34. Rf8+ {[%emt 0:00:52]} Kc7 {[%emt 0:00:04]} 35. Rc1+ {[%emt 0:00:06]} Kb6 {[%emt 0:00:17]} 36. Bc5+ {[%emt 0:00:10]} 1-0

[Event "4NCL Hull GM 2021"]
[Site "Hull"]
[Date "2021.10.21"]
[Round "2.2"]
[White "Fodor, Tamas Jr."]
[Black "Turner, Matthew J"]
[Result "1/2-1/2"]
[WhiteElo "2524"]
[BlackElo "2471"]
[Annotator "TA"]
[PlyCount "55"]
[EventDate "2021.10.20"]
[EventType "tourn"]
[EventCountry "ENG"]
[SourceTitle "playchess.com"]
[Source "ChessBase"]
[SourceQuality "1"]

{[%evp 9,55,2,11,7,27,29,33,20,30,19,19,19,23,14,21,-8,54,42,29,33,66,0,51,0,56,54,55,52,72,70,79,57,61,25,31,24,35,43,32,0,0,0,-3,0,0,-4,0,-8]} 1. d4 Nf6 2. Nf3 e6 3. Bf4 b6 4. e3 Bb7 5. Bd3 d6 6. h3 {A47: 1 d4 Nf6 2 Nf3 b6: Torre, London and Colle Systems.} Nbd7 7. O-O Ne4 8. Nbd2 {White is slightly better.} Nxd2 9. Nxd2 Be7 {[#]} 10. a4 $146 ({Predecessor:} 10. c4 O-O 11. Qc2 f5 12. Bh2 c5 13. Rad1 g6 14. Be2 cxd4 15. exd4 Nf6 16. Bf3 Bxf3 17. Nxf3 {1-0 (59) Metin,M (2214)-Yurtseven,C (2299) Denizli 2013}) 10... a5 11. Bh2 O-O 12. f4 e5 (12... Nf6 $11) 13. fxe5 $14 dxe5 14. dxe5 Nc5 15. Nf3 (15. Bc4 $14) 15... Qd5 (15... Nxd3 $11 16. cxd3 Qd5) 16. b3 ({White should play} 16. Bb5 $14) 16... Rad8 ({Black should try} 16... Nxd3 $11 17. Qxd3 Bc5) 17. Bc4 Qe4 18. Qe2 Ne6 19. Bd3 Qb4 20. Rad1 Be4 21. Bg3 Bxd3 $1 22. Rxd3 Rxd3 23. Qxd3 Rd8 24. Qe2 Qe4 {The position is equal.} 25. Kh2 Bc5 26. Re1 Bb4 27. Rf1 Bc5 28. Re1 {Weighted Error Value: White=0.14/Black=0.16} 1/2-1/2

[Event "4NCL Hull GM 2021"]
[Site "Hull"]
[Date "2021.10.21"]
[Round "2.3"]
[White "Jackson, James P"]
[Black "Czopor, Maciej"]
[Result "1/2-1/2"]
[WhiteElo "2386"]
[BlackElo "2411"]
[Annotator "ChessBase"]
[PlyCount "58"]
[EventDate "2021.10.20"]
[EventType "tourn"]
[EventCountry "ENG"]
[SourceTitle "playchess.com"]
[Source "ChessBase"]
[SourceQuality "1"]
[TimeControl "5400+30"]

1. e4 {[%emt 0:00:02]} c5 {[%emt 0:00:04]} 2. Nf3 {[%emt 0:00:05]} e6 {[%emt 0:00:04]} 3. d4 {[%emt 0:00:07]} cxd4 {[%emt 0:00:05]} 4. Nxd4 {[%emt 0:00:04]} Nc6 {[%emt 0:00:11]} 5. Nc3 {[%emt 0:00:10]} a6 {[%emt 0:00:08]} 6. Bf4 {[%emt 0:01:52]} d6 {[%emt 0:01:23]} 7. Bg3 {[%emt 0:00:07]} Be7 {[%emt 0:10:50]} 8. Qd2 {[%emt 0:13:37]} Nf6 {[%emt 0:14:05]} 9. Be2 {[%emt 0:12:46]} e5 {[%emt 0:07:41]} 10. Nxc6 {[%emt 0:20:32]} bxc6 {[%emt 0:00:04]} 11. f4 {[%emt 0:00:37]} exf4 {[%emt 0:07:53]} 12. Bxf4 {[%emt 0:00:06]} O-O {[%emt 0:02:52]} 13. O-O-O {[%emt 0:02:50]} Ne8 {[%emt 0:01:06]} 14. Bc4 {[%emt 0:08:09]} Bg4 {[%emt 0:04:35]} 15. Rdf1 {[%emt 0:02:43]} Bf6 {[%emt 0:02:07]} 16. Bb3 {[%emt 0:02:57]} Qe7 {[%emt 0:01:05]} 17. Re1 {[%emt 0:04:51]} Rd8 {[%emt 0:02:46]} 18. h3 {[%emt 0:03:34]} Bc8 {[%emt 0:03:41]} 19. Na4 {[%emt 0:04:14]} Nc7 {[%emt 0:01:17]} 20. Nb6 {[%emt 0:02:08]} Be6 {[%emt 0:08:04]} 21. Nd5 {[%emt 0:05:51]} cxd5 {[%emt 0:01:15]} 22. exd5 {[%emt 0:00:04]} Nxd5 {[%emt 0:03:57]} 23. Bxd5 {[%emt 0:00:06]} Qd7 {[%emt 0:00:58]} 24. Bg5 {[%emt 0:07:33]} Bxg5 {[%emt 0:04:11]} 25. Qxg5 {[%emt 0:00:07]} Qb5 {[%emt 0:01:57]} 26. Rd1 {[%emt 0:03:59]} Rb8 {[%emt 0:01:37]} 27. b3 {[%emt 0:00:06]} Rfc8 {[%emt 0:00:21]} 28. Qd2 {[%emt 0:02:49]} Bf5 {[%emt 0:02:16]} 29. c4 {[%emt 0:00:06]} Qc5 {[%emt 0:04:24]} 1/2-1/2

[Event "4NCL Hull GM 2021"]
[Site "Hull"]
[Date "2021.10.21"]
[Round "2.4"]
[White "Clarke, Brandon G I"]
[Black "Davies, Nigel R"]
[Result "0-1"]
[WhiteElo "2442"]
[BlackElo "2475"]
[Annotator "ChessBase"]
[PlyCount "58"]
[EventDate "2021.10.20"]
[EventType "tourn"]
[EventCountry "ENG"]
[SourceTitle "playchess.com"]
[Source "ChessBase"]
[SourceQuality "1"]
[TimeControl "5400+30"]

1. e4 {[%emt 0:04:53]} e5 {[%emt 0:00:09]} 2. Nf3 {[%emt 0:00:06]} Nc6 {[%emt 0:00:07]} 3. Bc4 {[%emt 0:01:52]} d6 {[%emt 0:01:29]} 4. d4 {[%emt 0:00:49]} exd4 {[%emt 0:00:10]} 5. Nxd4 {[%emt 0:00:16]} Nf6 {[%emt 0:00:23]} 6. Nc3 {[%emt 0:00:08]} Be7 {[%emt 0:00:07]} 7. O-O {[%emt 0:01:43]} O-O {[%emt 0:00:07]} 8. Bf4 {[%emt 0:08:25]} Ne5 {[%emt 0:02:26]} 9. Be2 {[%emt 0:00:30]} Ng6 {[%emt 0:28:37]} 10. Bg3 {[%emt 0:03:16]} Nxe4 {[%emt 0:07:22]} 11. Nxe4 {[%emt 0:00:05]} f5 {[%emt 0:00:07]} 12. Bc4+ {[%emt 0:25:46]} Kh8 {[%emt 0:00:10]} 13. Bd3 {[%emt 0:08:11]} fxe4 {[%emt 0:10:23]} 14. Bxe4 {[%emt 0:05:31]} Nf4 {[%emt 0:00:56]} 15. c4 {[%emt 0:04:15]} Bg5 {[%emt 0:03:41]} 16. Re1 {[%emt 0:03:38]} c6 {[%emt 0:02:33]} 17. Nf3 {[%emt 0:06:15]} Bg4 {[%emt 0:02:56]} 18. Qb3 {[%emt 0:00:35]} Rb8 {[%emt 0:11:33]} 19. Rad1 {[%emt 0:00:26]} Qa5 {[%emt 0:07:05]} 20. Qc3 {[%emt 0:08:46]} Qxc3 {[%emt 0:00:18]} 21. bxc3 {[%emt 0:00:01]} Rbe8 {[%emt 0:02:49]} 22. Rxd6 {[%emt 0:03:14]} Nxg2 {[%emt 0:03:42]} 23. Re2 {[%emt 0:12:37]} Nf4 {[%emt 0:03:55]} 24. Bxf4 {[%emt 0:00:38]} Bxf4 {[%emt 0:03:59]} 25. Rd4 {[%emt 0:00:22]} Be5 {[%emt 0:00:53]} 26. Rd3 {[%emt 0:00:23]} Bc7 {[%emt 0:00:35]} 27. c5 {[%emt 0:00:46]} g6 {[%emt 0:01:18]} 28. Kf1 {[%emt 0:00:32]} Re7 {[%emt 0:00:44]} 29. Rd4 {[%emt 0:00:28]} Ref7 {[%emt 0:01:23]} 0-1

[Event "4NCL Hull GM 2021"]
[Site "Hull"]
[Date "2021.10.21"]
[Round "2.5"]
[White "Murphy, Conor E"]
[Black "Wadsworth, Matthew J"]
[Result "0-1"]
[WhiteElo "2428"]
[BlackElo "2425"]
[Annotator "ChessBase"]
[PlyCount "96"]
[EventDate "2021.10.20"]
[EventType "tourn"]
[EventCountry "ENG"]
[SourceTitle "playchess.com"]
[Source "ChessBase"]
[SourceQuality "1"]
[TimeControl "5400+30"]

1. e4 {[%emt 0:07:08]} c5 {[%emt 0:00:06]} 2. Nf3 {[%emt 0:00:26]} e6 {[%emt 0:00:07]} 3. d4 {[%emt 0:00:19]} cxd4 {[%emt 0:00:05]} 4. Nxd4 {[%emt 0:00:06]} Nc6 {[%emt 0:00:13]} 5. Nc3 {[%emt 0:00:36]} Qc7 {[%emt 0:00:07]} 6. Be2 {[%emt 0:00:27]} a6 {[%emt 0:00:38]} 7. O-O {[%emt 0:00:30]} Nf6 {[%emt 0:00:07]} 8. Be3 {[%emt 0:00:15]} Bb4 {[%emt 0:00:19]} 9. Na4 {[%emt 0:00:20]} Be7 {[%emt 0:00:09]} 10. Nxc6 {[%emt 0:00:34]} bxc6 {[%emt 0:00:09]} 11. Nb6 {[%emt 0:00:08]} Rb8 {[%emt 0:00:24]} 12. Nxc8 {[%emt 0:00:10]} Qxc8 {[%emt 0:00:05]} 13. Bd4 {[%emt 0:00:30]} c5 {[%emt 0:02:28]} 14. Be5 {[%emt 0:00:21]} Rb6 {[%emt 0:00:15]} 15. Qd3 {[%emt 0:00:27]} O-O {[%emt 0:04:54]} 16. b3 {[%emt 0:01:02]} d6 {[%emt 0:08:13]} 17. Bb2 {[%emt 0:00:42]} Nd7 {[%emt 0:01:37]} 18. Rad1 {[%emt 0:00:46]} Bf6 {[%emt 0:02:17]} 19. Bc1 {[%emt 0:01:37]} Ne5 {[%emt 0:11:29]} 20. Qh3 {[%emt 0:16:08]} Rd8 {[%emt 0:08:28]} 21. f4 {[%emt 0:12:43]} Nc6 {[%emt 0:00:30]} 22. c3 {[%emt 0:04:25]} a5 {[%emt 0:06:31]} 23. Bc4 {[%emt 0:04:17]} a4 {[%emt 0:05:43]} 24. bxa4 {[%emt 0:04:29]} Qa8 {[%emt 0:02:52]} 25. Bb5 {[%emt 0:10:45]} Na7 {[%emt 0:01:23]} 26. e5 {[%emt 0:01:28]} dxe5 {[%emt 0:06:19]} 27. fxe5 {[%emt 0:01:19]} Bxe5 {[%emt 0:00:52]} 28. Qh5 {[%emt 0:05:20]} Rxd1 {[%emt 0:10:10]} 29. Qxf7+ {[%emt 0:02:19]} Kh8 {[%emt 0:00:01]} 30. Rxd1 {[%emt 0:00:17]} Nxb5 {[%emt 0:00:49]} 31. axb5 {[%emt 0:01:33]} Rxb5 {[%emt 0:02:17]} 32. Qxe6 {[%emt 0:06:10]} Bf6 {[%emt 0:03:24]} 33. Re1 {[%emt 0:07:21]} Rb8 {[%emt 0:01:13]} 34. Bf4 {[%emt 0:00:35]} Rg8 {[%emt 0:01:14]} 35. Qb3 {[%emt 0:02:38]} Qa6 {[%emt 0:04:03]} 36. a4 {[%emt 0:04:35]} Qd3 {[%emt 0:01:44]} 37. Be5 {[%emt 0:05:24]} c4 {[%emt 0:09:15]} 38. Qb5 {[%emt 0:00:04]} Qd2 {[%emt 0:00:36]} 39. Bg3 {[%emt 0:00:10]} Qxc3 {[%emt 0:00:27]} 40. a5 {[%emt 0:00:33]} Bd4+ {[%emt 0:02:01]} 41. Kh1 {[%emt 0:00:09]} Rf8 {[%emt 0:01:22]} 42. Qe8 {[%emt 0:00:26]} Bc5 {[%emt 0:01:03]} 43. a6 {[%emt 0:00:39]} Qf6 {[%emt 0:01:33]} 44. h3 {[%emt 0:01:19]} Qxa6 {[%emt 0:00:49]} 45. Bf2 {[%emt 0:00:29]} Bb4 {[%emt 0:00:51]} 46. Re6 {[%emt 0:00:50]} Qa1+ {[%emt 0:00:43]} 47. Kh2 {[%emt 0:00:18]} Qf1 {[%emt 0:01:28]} 48. Re2 {[%emt 0:00:49]} Qxf2 {[%emt 0:00:31]} 0-1